01445 am a2200445 a 450000500170000000800410001702000150005804100080007310000330008124500700011425000180018426000320020230000170023450001410025165300250039265300280041765300250044565300140047065300150048465300210049965300120052065300220053265300400055465300140059465300210060865300220062965300290065165300310068065300300071165300180074165300180075965300170077765300330079465300150082765300320084265300310087465300300090570000340093570000300096920240419103528.0100707r20012004ag a f |||| 001 0 spa d a9506550301 aspa1 aCossio, Pedro Ramón.eDir. aSemiología Médica Fisiopatológica / cPedro Ramón Cossio a7a ed. reimp. aBuenos Aires: bCTM;c2001. a1072 p.bil. aCossio, P. R., Fustinoni, J. C. y Rospide, C. A. (Dirs.). (2001). Semiología Médica Fisiopatológica. (7a ed.). Buenos Aires : CTM. aSemiología general aCabeza- Cuello- Columna aAparato respiratorio aDiafragma aMediastino aCorazón- Aorta aAbdomen aAparato digestivo aHigado- Vías biliares- Páncreas aRiñón aSistema nervioso aSistema endocrino aSistema hematopoyético aGanglios linfaticos y bazo aNutrición y metabolismo aMedio interno aInmunología aExtremidades aSemiología dermatológica aGenética aSemiología del senescente aDiagnóstico por imagenes aTabla de valores normales1 aFustinoni, Juan Carlos.eDir.1 aRospide, César A.eDir.